|
|
|
|
| LEADER |
00755cam a2200229 7i4500 |
| 001 |
0000017423 |
| 005 |
20220610090000.0 |
| 008 |
070823 eng |
| 020 |
|
|
|a 0673999149 (pbk.)
|
| 020 |
|
|
|a 9780673999146
|
| 090 |
0 |
0 |
|a QA152.3
|b .L53 1995
|
| 100 |
1 |
|
|a Lial, Margaret L
|
| 245 |
1 |
0 |
|a Introductory Algebra
|c Margaret L Lial, John Hornsby, Charles D. Miller.
|
| 250 |
|
|
|a 5th ed.
|
| 260 |
|
|
|a New York:
|b Harper Collins,
|c 1995.
|
| 300 |
|
|
|a xxi, 591 p.;
|c 27 cm.
|
| 500 |
|
|
|a Includes index
|
| 650 |
0 |
0 |
|a Algebra
|
| 700 |
1 |
|
|a Miller, Charles D
|
| 700 |
1 |
|
|a Hornsby, E. John
|
| 997 |
|
|
|a Engineering & Life Sciences, Faculty
|b Science & Biotechnology, Department
|
| 999 |
|
|
|a 0000022007
|b BOK
|c OPEN SHELF
|e 1st Floor, Bestari Jaya
|